ՀՀ Գիտությունների ազգային ակադեմիայի հիմնարար գիտական գրադարան  =   Fundamental Scientific Library of NAS RA

Почвы Урала : (Record no. 154999)

MARC details
000 -LEADER
fixed length control field 00811nam a2200205 u 4500
001 - CONTROL NUMBER
control field 000407808
003 - CONTROL NUMBER IDENTIFIER
control field AM-YeHGA
005 - DATE AND TIME OF LATEST TRANSACTION
control field 20250617132638.0
008 - FIXED-LENGTH DATA ELEMENTS--GENERAL INFORMATION
fixed length control field 050204s1936 ||| r 000 0 rus d
040 ## - CATALOGING SOURCE
Original cataloging agency AM-YeHGA
041 0# - LANGUAGE CODE
Language code of text/sound track or separate title rus
090 ## - LOCALLY ASSIGNED LC-TYPE CALL NUMBER (OCLC); LOCAL CALL NUMBER (RLIN)
-- 156398
100 1# - MAIN ENTRY--PERSONAL NAME
Personal name Маландин, Г.А.
245 10 - TITLE STATEMENT
Title Почвы Урала :
Remainder of title Принципы агротехники и мелиорации /
Statement of responsibility, etc. Г.А. Маландин; Ред.: И. Антипин.
260 ## - PUBLICATION, DISTRIBUTION, ETC.
Place of publication, distribution, etc. Свердловск :
Name of publisher, distributor, etc. Свердл. обл. госиздат,
Date of publication, distribution, etc. 1936.
300 ## - PHYSICAL DESCRIPTION
Extent 328 с. :
Other physical details [2] л. карт., ил.
504 ## - BIBLIOGRAPHY, ETC. NOTE
Bibliography, etc. note Библиогр.: с. 320-325
653 0# - INDEX TERM--UNCONTROLLED
Uncontrolled term Почвообразовательные процессы - Урал
653 0# - INDEX TERM--UNCONTROLLED
Uncontrolled term Физико-химические свойства почв - Урал
Holdings
Withdrawn status Lost status Damaged status Not for loan Collection Home library Current library Date acquired Total checkouts Full call number Barcode Date last seen Price effective from Koha item type Public note
        General Fundamental Scientific Library Fundamental Scientific Library 28/12/2016   631.4(470.6) 120620582 28/12/2016 28/12/2016 Գրքեր / Books 30 Days Loan


ՀՀ ԳԱԱ հիմնարար գիտական գրադարան
ՀՀ,Երևան 0019
Մարշալ Բաղրամյան 24/6
հեռախոս:(374-10) 52-47-50
Հետադարձ կապ

All site content, except where otherwise noted, is licensed under a
Creative Commons License